000 00384 a2200097 4500
245 0 0 _aElementy urządzeń elektronicznych - Rezystory stałe Metody prób i pomiarów Postanowienia ogólne PN-85/T-04601.00 /
_cMin. Przem. Maszynowego.
246 1 3 _aPN-85/T-04601.00
246 1 3 _a621.316.8:621.38.04
260 _aWarszawa :
_bMin. Przem. Maszynowego,
_c1985.
300 _a4 stron ;
_c30 cm.
650 _aPolska norma
999 _c20157
_d20157